000
00292nam a2200121Ia 4500
008
190216s9999||||xx |||||||||||||| ||und||
100
_a
Lekhi R K
245
0
_a
Economics Of Development And Planning
260
_b
Kalyani Publisher
_c
2001
300
_a
285p
650
_a
Ecology
942
_c
BK
999
_c
10534
_d
10534